000 00495nam a22001697a 4500
005 20251108165010.0
008 250721s1984 xx 000 0 ara d
082 1 4 _a956.06/عطو
100 1 _aعطوان، حسين
245 1 0 _aالدعوة العباسية :
_bمبادىء و أساليب /
264 1 _aبيروت :
_bدار الجيل،
_c1984.
300 _a343ص.
650 1 7 _aالعباسيون 750-1258
650 1 7 _aتاريخ العرب
942 _2ddc
_cBK
999 _c19504
_d19504